Statistics for M-el kezdődő országok zászlói

Click here to take the quiz!

General Stats

  • This quiz has been taken 2 times
  • The average score is 7 of 19

Answer Stats

Answer% Correct
Magyarország
100%
Marokkó
100%
Moldova
100%
Malájzia
50%
Malawi
50%
Mali
50%
Málta
50%
Marshall-szigetek
50%
Mexikó
50%
Monaco
50%
Montenegró
50%
Madagaszkár
0%
Maldív-szigetek
0%
Mauritánia
0%
Mauritius
0%
Mianmar
0%
Mikronéziai Szövetségi Államok
0%
Mongólia
0%
Mozambik
0%

Score Distribution

Percentile by Number Answered

Percent of People with Each Score

Your Score History

You have not taken this quiz